000 00497nam a2200145 a 4500
008 120416s1977 ||||||||||||||||| || u
050 _aNA 7332 Gre
245 1 0 _aGLC preferred dwelling plans
246 _aGreater London Council
250 _a2nd ed.
260 _aLondon
_bArchitectural P
_c1977
300 _a84p. : ill.
350 _a0.00
995 _D0.00
_FCBU-MAIN LIBRARY (Kitwe)
_H1
_I0.00
_UAVAILABLE
_ZAnnex Low-Usage Collection
999 _c44606
_d44606